| 000 | 00562nam a2200169Ia 4500 | ||
|---|---|---|---|
| 005 | 20250424120311.0 | ||
| 008 | 250424s9999 xx 000 0 und d | ||
| 022 | _a11176806 | ||
| 050 | _aRD 98 .S87/ | ||
| 245 | 0 | _aNigeria journal of surgery [NJS]. | |
| 260 | _aNigeria | ||
| 260 | _bNigeria surgical research society | ||
| 260 | _c2016 | ||
| 300 | _aiv, 64 p. :ill. ; 28 cm. | ||
| 650 | _a Medicine--Nigeria--Periodicals. Pharmacology--Nigeria--Periodicals. Medicine--Periodicals. Pharmacology--Periodicals. Medical sciences--Periodicals. | ||
| 942 | _cSR | ||
| 999 |
_c38526 _d38526 |
||